| 000 | 03309nam a2200349 a 4500 | ||
|---|---|---|---|
| 001 | 000001577 | ||
| 003 | OSt | ||
| 005 | 20240228142033.0 | ||
| 007 | ta | ||
| 008 | 090623s2008 dr 000 0 spa | ||
| 020 | _a9789945162400 | ||
| 020 | _a9945162403 | ||
| 040 |
_aDO-SdBNP _bspa _cBNPHU |
||
| 082 | 4 |
_a972.9367 _bM827r _222 |
|
| 100 | 1 |
_aMora Serrano, Manuel, _c1933- _95162 |
|
| 245 | 1 | 0 |
_aRevelaciones de Pimentel / _cManuel Mora Serranon ; introducción Luis Molina Achécar. |
| 260 |
_aSanto Domingo : _bAmidverza, _c2008. |
||
| 300 |
_a206 p. ; _c23 cm. |
||
| 490 | 1 |
_aEdiciones Amidverza ; _v2 |
|
| 500 | _aIncluye biografía del autor en ambas solapas | ||
| 500 | _aIncluye datos de la obra en la contracubierta | ||
| 505 | 0 | _aPalabras introductorias -- Primera parte: panegíricos. Adiós Nolasco. Un ángel viejo se fue del pueblo. Las maestras heroicas de mi pueblo (a la memoria de María Eneida Rojas). Lo duro de morir joven y amando. Rogelio Cordero Castro el gran apasionado, ha muerto. Aquellas dulces señoras del cuaba abajo. Cuando muere aquel que lo resuelve todo. Pimentel se queda sin chuichuises y chuchuregas. Evocación de la niña de la nena. Cuando muere un "poeta" de El Conde. Aquel querido vendedor de libros. A la memoria de Manuel María Mora Jiménez. El descanso de la madre ineludible. A qué sabrá un día de las madres sin mamá. Bolívar Lora un gourmet de la vida. El legendario Tomás Taveras que amaba caballos. Adiós al caballero Víctor de la Cruz. El homenaje de Pimentel a Freddy Gatón Arce. Cuando un bohemio muere. En la muerte de un personaje popular. Una chichigua de oro para Joaquín Arismendy. El tránsito de Rosa Leda Pérez. Bienvenido Brens y Luis Kalaff. Aquella inolvidable Ana Almonte. Fellito "Maní" Sánchez, le puso apellido a mi pueblo. Despedida a Payano Rojas -- Segunda parte: crónicas. Cuando se dice adiós a los hijos crecidos. Un peón de camión llamado Nietzsche. Técnica de la narración deportiva: el fenómeno Mendy López. El día que Pimentel vuelva a florecer sus rieles. Pimenteleños que triunfan en la vida. La historia del gallo de hojalata de los Munné. Anécdotas de Moreno Jimenes en Pimentel. La loca idea de un museo aldeano. La nostalgia de los pueblos. La saga de los árabes de mi pueblo. Esa sana alegría de juntarse con los amigos. El primer centenario de Pimentel. Meditación de Tiberio Castellanos sobre la pobreza nacional. Chanita Rosario cumple cien años. | |
| 505 | 0 | _aLa aventura literaria de Amidverza 1. La aventura literaria de Amidverza 2. La esperanza de Héctor Polanco Pérez. De rieles y Pimentel. La increible historia de Cayuya. A propósito de Pimentel de nuestros amores. Cuando las hermanas queridas se van. Las semanas santas de mi infancia. Sucede que me estoy poniendo viejo. Pimentel en el siglo XXI. | |
| 590 | _aInventariado, 2020 /LP | ||
| 650 | 4 |
_aCiudades y pueblos _zRepública Dominicana _9784 |
|
| 651 | 4 |
_aPimentel ( San Francisco de Macorís, República Dominicana) _xHistoria local _95163 |
|
| 651 | 4 |
_aPimentel (San Francisco de Macorís, República Dominicana) _xVida social y costumbres _95164 |
|
| 700 | 1 | 2 |
_aMolina Achécar, Luis _95165 |
| 830 | 0 |
_aEdiciones Amidverza ; _n2 _95166 |
|
| 910 | _aValidado. Control de calidad BNPHU | ||
| 942 |
_2ddc _cLBS1 |
||
| 999 |
_c1473 _d1473 |
||